CLASSIC children stories
| Format: | Book |
|---|---|
| Published: |
U.S.A :
Beelive Books ,
1984
|
| Subjects: |
MARC
| LEADER | 00000cam a2200000 7i4500 | ||
|---|---|---|---|
| 001 | 0000002579 | ||
| 002 | 000002806 | ||
| 005 | 20000330.0 | ||
| 020 | |a 0750090286 | ||
| 090 | 0 | 0 | |a 398.2 |b CLA |
| 245 | 0 | 0 | |a CLASSIC children stories |c introduction by Irene Hunt |
| 260 | |a U.S.A : |b Beelive Books , |c 1984 | ||
| 300 | |a 119p. : |b ill ; |c 31cm. | ||
| 650 | 0 | 0 | |a Children's stories |
| 999 | |a 036253 |b BUKU |c PINJAMAN |e PERPUSTAKAAN KOMUNITI PETALING JAYA | ||